000 00209nam a22000857a 4500
008 161206b xxu||||| |||| 00| 0 eng d
100 _91840
_aRiordan.J
245 _aMorgan and his Friends
260 _aMoscow
_bRadussa
999 _c4586
_d4586